[Event "ICS rated blitz match"]
[Site "204.178.125.65"]
[Date "2000.07.03"]
[Round "?"]
[White "Hossa"]
[Black "itchy-muffin"]
[Result "1-0"]
[WhiteElo "2425"]
[BlackElo "1926"]
[PlyCount "51"]
[EventDate "2000.??.??"]

1. e4 c5 2. Nf3 a6 3. c4 e6 4. Be2 d6 5. d4 cxd4 6. Qxd4 Nf6 7. Be3 Nbd7 8. O-O
Qc7 9. Nc3 b6 10. b4 Bb7 11. a4 Be7 12. a5 bxa5 13. Rxa5 O-O 14. Ng5 h6 15. Nf3
Rfd8 16. Nd2 Rac8 17. Rfa1 d5 18. exd5 Bxb4 19. R5a2 Bxc3 20. Qxc3 Nxd5 21. Qb3
Nxe3 22. Qxe3 Ne5 23. Rb1 Rd7 24. Rxb7 Qxb7 25. Qxe5 Rcd8 26. Qa5 1-0

[Event "ICS rated blitz match"]
[Site "204.178.125.65"]
[Date "2000.07.03"]
[Round "?"]
[White "itchy-muffin"]
[Black "Hossa"]
[Result "0-1"]
[WhiteElo "1924"]
[BlackElo "2427"]
[PlyCount "66"]
[EventDate "2000.??.??"]

1. e4 e6 2. d4 d5 3. Nc3 Bb4 4. e5 c5 5. a3 Ba5 6. b4 cxd4 7. Nb5 Bc7 8. f4 Ne7
9. Nf3 Nbc6 10. Nbxd4 Nxd4 11. Nxd4 Bb6 12. c3 Bd7 13. Be3 Rc8 14. Qd2 O-O 15.
Bd3 Qc7 16. Rc1 f6 17. exf6 Rxf6 18. O-O Rcf8 19. g3 Ba4 20. c4 Qd7 21. c5 Bc7
22. b5 a6 23. bxa6 bxa6 24. Bxa6 e5 25. fxe5 Rxa6 26. Rxf8+ Kxf8 27. Rf1+ Kg8
28. Qf2 Ng6 29. c6 Qe7 30. Nf5 Qe8 31. Nxg7 Kxg7 32. Qf6+ Kg8 33. Bh6 Bxe5 0-1

[Event "ICS rated standard match"]
[Site "204.178.125.65"]
[Date "2000.07.03"]
[Round "?"]
[White "PostModernist"]
[Black "Hossa"]
[Result "1/2-1/2"]
[WhiteElo "2413"]
[BlackElo "2225"]
[PlyCount "31"]
[EventDate "2000.??.??"]

1. d4 Nf6 2. c4 e6 3. Nf3 b6 4. g3 Ba6 5. b3 Bb4+ 6. Bd2 Be7 7. Bg2 Bb7 8. Nc3
O-O 9. O-O d5 10. cxd5 exd5 11. Rc1 Nbd7 12. Bf4 Nh5 13. Be3 Nhf6 14. Bf4 Nh5
15. Be3 Nhf6 16. Bf4 1/2-1/2

[Event "ICS rated standard match"]
[Site "204.178.125.65"]
[Date "2000.07.03"]
[Round "?"]
[White "Hossa"]
[Black "PostModernist"]
[Result "0-1"]
[WhiteElo "2233"]
[BlackElo "2405"]
[PlyCount "113"]
[EventDate "2000.??.??"]

1. e4 e6 2. d4 d5 3. Nc3 Nf6 4. e5 Nfd7 5. Nce2 c5 6. Nf3 Nc6 7. c3 b5 8. Nf4
Qb6 9. Be3 cxd4 10. Nxd4 Bc5 11. Nd3 Bxd4 12. cxd4 O-O 13. a4 bxa4 14. Qxa4
Ndb8 15. Qc2 Ba6 16. Qc3 Rc8 17. Nc5 Bxf1 18. Rxf1 Qd8 19. Nb7 Qe7 20. Nd6 Rc7
21. Nb5 Rb7 22. Nd6 Rb4 23. g3 a5 24. f4 Ra6 25. Kf2 Rab6 26. Ra2 Rb3 27. Qc2
Qf8 28. Rfa1 a4 29. Qd1 Nb4 30. Ra3 Nd3+ 31. Kg1 Nxb2 32. Qe1 R6b4 33. Rxb3
Rxb3 34. Qe2 Nc6 35. Rc1 Ne7 36. Bd2 a3 37. Bc3 Qa8 38. Qc2 Qb8 39. f5 exf5 40.
Bd2 Nd3 41. Rf1 h6 42. Ba5 f4 43. Bc3 Nb2 44. gxf4 Qb6 45. f5 Nc6 46. Kh1 Nc4
47. Rc1 Qb8 48. Nxc4 dxc4 49. f6 Nb4 50. Qg2 g6 51. Bxb4 Rxb4 52. e6 Rb1 53.
exf7+ Kf8 54. Qd2 g5 55. Qe1 Rxc1 56. Qxc1 Qa8+ 57. Kg1 {Hossa resigns} 0-1

[Event "ICS rated standard match"]
[Site "204.178.125.65"]
[Date "2000.07.03"]
[Round "?"]
[White "PostModernist"]
[Black "Hossa"]
[Result "1-0"]
[WhiteElo "2414"]
[BlackElo "2224"]
[PlyCount "193"]
[EventDate "2000.??.??"]

1. d4 Nf6 2. c4 e6 3. Nf3 b6 4. e3 Bb7 5. Bd3 Be7 6. Nc3 d5 7. O-O dxc4 8. Bxc4
O-O 9. Qe2 Nc6 10. Rd1 Na5 11. Bd3 Nc6 12. Bd2 Nb4 13. Bc4 a6 14. a3 Nc6 15.
Bd3 Na5 16. Rab1 Nb3 17. Be1 Qb8 18. Bc2 Na5 19. e4 Rd8 20. b4 Nc6 21. d5 exd5
22. exd5 Na7 23. Bxh7+ Nxh7 24. Qxe7 Re8 25. Qh4 Nb5 26. Rb3 Qd8 27. Qc4 Nf6
28. Nxb5 axb5 29. Qxb5 Bxd5 30. Rc3 c6 31. Qd3 Ne4 32. Rcc1 Nd6 33. Nd4 Qg5 34.
g3 Be4 35. Qc3 Qh5 36. f3 Bd5 37. Qd3 Nb7 38. g4 Qh3 39. Bg3 c5 40. Nb5 Bc6 41.
Nc7 Rad8 42. Qc2 Bxf3 43. Nxe8 Bxd1 44. Rxd1 Rxe8 45. Qa4 Rf8 46. Rd5 Qxg4 47.
Qd7 Qxd7 48. Rxd7 Nd8 49. bxc5 b5 50. Kf2 f5 51. Be5 Nf7 52. Bd4 Ra8 53. c6
Rxa3 54. c7 Ra8 55. Rd5 Kh7 56. Rxf5 Nd6 57. Rd5 Ne8 58. Be5 b4 59. Ke3 b3 60.
Rb5 Rc8 61. Rb8 Rxc7 62. Rxe8 Rb7 63. Bb2 g5 64. Ke4 Rb5 65. Kd4 Kg6 66. Kc4
Rb7 67. Re3 Rh7 68. Be5 Re7 69. Kxb3 Kf5 70. Bd4 Rxe3+ 71. Bxe3 Kg4 72. Ba7 Kh3
73. Bb8 Kg2 74. Kc4 Kh3 75. Kd5 Kh4 76. Ke6 Kg4 77. Bg3 Kh5 78. Kf7 Kh6 79. Kf6
Kh5 80. Kg7 g4 81. Kf6 Kh6 82. Bf4+ Kh5 83. Kf5 Kh4 84. Kg6 Kh3 85. Kg5 Kg2 86.
Kxg4 Kf2 87. h4 Ke2 88. h5 Kf2 89. h6 Ke2 90. h7 Kd3 91. h8=Q Kc4 92. Qc8+ Kd4
93. Qc2 Kd5 94. Kf5 Kd4 95. Bd6 Ke3 96. Bc5+ Kf3 97. Qf2# {Hossa checkmated}
1-0

[Event "ICS rated standard match"]
[Site "204.178.125.65"]
[Date "2000.07.03"]
[Round "?"]
[White "Hossa"]
[Black "PostModernist"]
[Result "1/2-1/2"]
[WhiteElo "2216"]
[BlackElo "2422"]
[PlyCount "296"]
[EventDate "2000.??.??"]

1. d4 Nf6 2. c4 c5 3. d5 g6 4. Nc3 Bg7 5. e4 d6 6. Bd3 e6 7. Nf3 O-O 8. O-O
exd5 9. cxd5 Bg4 10. Bf4 Nh5 11. Bd2 Qf6 12. Be2 Nf4 13. Bxf4 Qxf4 14. Nd2 Bd7
15. Nc4 b5 16. Qd2 Qf6 17. Na5 c4 18. a4 b4 19. Nd1 c3 20. bxc3 bxc3 21. Qc2
Rc8 22. Ne3 Qf4 23. g3 Qf6 24. Rfb1 Bh3 25. Nec4 Nd7 26. Nc6 Re8 27. f4 a6 28.
Bf1 Bg4 29. Bd3 Bf3 30. Rf1 Bg4 31. Kg2 Nb8 32. e5 dxe5 33. N6xe5 Bc8 34. Be4
Nd7 35. d6 Rb8 36. Qxc3 Qe6 37. Bc6 Bb7 38. Bxb7 Rxb7 39. Rac1 Bxe5 40. fxe5
Qd5+ 41. Qf3 Qxf3+ 42. Rxf3 Rc8 43. Rfc3 Rc5 44. Kf2 h5 45. Ne3 Rb2+ 46. R1c2
Rxc3 47. Rxb2 Ra3 48. Rb7 Ra2+ 49. Kf3 Nxe5+ 50. Ke4 f6 51. d7 Rxa4+ 52. Kd5
Nxd7 53. Rxd7 Ra2 54. Ra7 h4 55. Ng4 f5 56. Nf6+ Kf8 57. gxh4 Rxh2 58. Nd7+ Kg7
59. Ne5+ Kh6 60. Rxa6 Rxh4 61. Rxg6+ Kh5 62. Rg8 Rf4 63. Nd7 Ra4 64. Nc5 Rb4
65. Ke5 Rb5 66. Kd4 Rb4+ 67. Ke3 Kh4 68. Kf3 Rg4 69. Rh8+ Kg5 70. Rc8 Rf4+ 71.
Ke3 Rf1 72. Ke2 Ra1 73. Rg8+ Kf4 74. Nd3+ Ke4 75. Re8+ Kd4 76. Rd8+ Ke4 77.
Nc5+ Kf4 78. Ne6+ Ke4 79. Rd2 Rc1 80. Kf2 Rc4 81. Ng5+ Ke5 82. Re2+ Kf6 83. Nf3
Re4 84. Rc2 f4 85. Rc6+ Kf5 86. Rc5+ Kf6 87. Rd5 Re3 88. Rd8 Kf5 89. Rf8+ Ke4
90. Nh4 Rg3 91. Re8+ Kd3 92. Nf3 Kc3 93. Ng1 Re3 94. Ne2+ Kb2 95. Rf8 Rb3 96.
Nd4 Rd3 97. Ne6 f3 98. Nf4 Rb3 99. Ng6 Kc2 100. Ne5 Kc1 101. Rc8+ Kb2 102. Rc7
Rc3 103. Rb7+ Rb3 104. Rd7 Kc1 105. Nd3+ Kc2 106. Ne1+ Kb2 107. Rd8 Rb7 108.
Rd6 Rb8 109. Re6 Rb3 110. Rg6 Kb1 111. Rg4 Rb2+ 112. Kf1 f2 113. Nf3 Kc1 114.
Ne5 Rd2 115. Rc4+ Kb2 116. Rb4+ Kc3 117. Rb1 Rb2 118. Ra1 Rc2 119. Nf7 Kd3 120.
Nd6 Ke3 121. Rb1 Ra2 122. Rc1 Kd2 123. Rc5 Kd3 124. Rd5+ Ke3 125. Rd1 Kf4 126.
Rc1 Kg4 127. Ne4 Kf3 128. Nc3 Ra3 129. Nb5 Ra5 130. Rb1 Kf4 131. Nc7 Ra2 132.
Nd5+ Ke5 133. Nc3 Rd2 134. Nd1 Kd4 135. Ra1 Rc2 136. Ra7 Ke5 137. Ra8 Kf4 138.
Rf8+ Kg3 139. Rg8+ Kf3 140. Rd8 Rc1 141. Rd3+ Ke4 142. Rd8 Kf3 143. Rd4 Ra1
144. Rd3+ Ke4 145. Rd6 Ke5 146. Rd3 Ke4 147. Rd6 Ke5 148. Rd3 Ke4 1/2-1/2

[Event "ICS rated standard match"]
[Site "204.178.125.65"]
[Date "2000.07.03"]
[Round "?"]
[White "PostModernist"]
[Black "Hossa"]
[Result "1-0"]
[WhiteElo "2413"]
[BlackElo "2225"]
[PlyCount "127"]
[EventDate "2000.??.??"]

1. d4 Nf6 2. c4 c5 3. d5 g6 4. Nc3 Bg7 5. e4 d6 6. Bd3 e6 7. h3 exd5 8. cxd5
Na6 9. Bxa6 bxa6 10. Qa4+ Bd7 11. Qxa6 Qe7 12. Bg5 h6 13. Bxf6 Bxf6 14. Nge2
O-O 15. O-O Be5 16. Qd3 f5 17. exf5 Bxf5 18. Qe3 Rab8 19. g4 Bc2 20. b3 g5 21.
Rac1 Bg6 22. Kh1 Qf7 23. f3 Rbe8 24. Qd2 Re7 25. Rf2 a6 26. h4 Qh7 27. h5 Bd3
28. Re1 Ref7 29. Kg2 c4 30. bxc4 Bxc4 31. Rc1 Rb7 32. Rd1 Bxe2 33. Rxe2 Qf7 34.
Qe3 Qg7 35. Ne4 a5 36. Ng3 Bxg3 37. Kxg3 Rf4 38. Qd3 Qf8 39. Kg2 Rbf7 40. Re3
Rb4 41. Rd2 Kh8 42. Rde2 Rb8 43. Re6 Rfb7 44. Qg6 Rb2 45. Rf2 Rxf2+ 46. Kxf2
Rc8 47. Qxh6+ Qxh6 48. Rxh6+ Kg7 49. Rxd6 Rc2+ 50. Ke3 Rxa2 51. Rg6+ Kf7 52.
Rxg5 Ra1 53. h6 Rh1 54. Rg7+ Kf8 55. g5 Re1+ 56. Kf4 a4 57. g6 a3 58. Rf7+ Ke8
59. h7 Re7 60. h8=Q+ Kd7 61. Qb8 Rxf7+ 62. gxf7 Ke7 63. f8=Q+ Kd7 64. Qb7# {
Hossa checkmated} 1-0

[Event "ICS rated blitz match"]
[Site "204.178.125.65"]
[Date "2000.07.03"]
[Round "?"]
[White "D-Zagorskis"]
[Black "Hossa"]
[Result "0-1"]
[WhiteElo "2386"]
[BlackElo "2449"]
[PlyCount "46"]
[EventDate "2000.??.??"]

1. d4 Nf6 2. c4 e6 3. Nc3 Bb4 4. Bd2 O-O 5. Nf3 d5 6. e3 c5 7. dxc5 Bxc5 8.
cxd5 Nxd5 9. a3 Nc6 10. Bc4 Nb6 11. Be2 e5 12. Qc2 Bg4 13. O-O Rc8 14. Rfd1 Qd7
15. Be1 Qf5 16. Qxf5 Bxf5 17. Bd3 Bxd3 18. Rxd3 f5 19. e4 Nc4 20. b3 Nxa3 21.
exf5 Nc2 22. Rc1 N6d4 23. Ne4 Ne2+ {D-Zagorskis resigns} 0-1

[Event "ICS rated blitz match"]
[Site "204.178.125.65"]
[Date "2000.07.03"]
[Round "?"]
[White "Hossa"]
[Black "D-Zagorskis"]
[Result "1-0"]
[WhiteElo "2462"]
[BlackElo "2373"]
[PlyCount "113"]
[EventDate "2000.??.??"]

1. d4 Nf6 2. c4 e6 3. Nf3 Bb4+ 4. Bd2 a5 5. Nc3 d6 6. e3 Nbd7 7. Be2 e5 8. O-O
O-O 9. Qc2 Re8 10. a3 Bxc3 11. Bxc3 a4 12. dxe5 dxe5 13. Rad1 Qe7 14. Ng5 h6
15. Nf3 c5 16. e4 b6 17. Bd3 Bb7 18. Nh4 g6 19. Bd2 Kg7 20. Nf3 Nb8 21. Qb1 Nc6
22. Qc1 Ng8 23. Rfe1 Qe6 24. Re2 f6 25. Qc2 g5 26. Ree1 Nge7 27. Rf1 Red8 28.
Bc3 Ng6 29. Rfe1 Nf4 30. Bf1 Nd4 31. Nxd4 cxd4 32. Bb4 Rdc8 33. Ra1 Qc6 34. g3
Ne6 35. Bh3 Re8 36. Bg4 Nc5 37. Bxc5 Qxc5 38. Bd7 Red8 39. Be6 b5 40. Qe2 Ba6
41. Qh5 Qe7 42. Bd5 Rac8 43. cxb5 Bxb5 44. Rec1 Qe8 45. Qd1 Rxc1 46. Rxc1 Rc8
47. b4 axb3 48. Bxb3 d3 49. Rb1 Rc3 50. Qd2 Rc5 51. Rd1 Qc6 52. Bd5 Qc7 53. Qb2
Ba6 54. Qb1 Rc2 55. a4 d2 56. Qb4 Qc3 57. Qe7+ {D-Zagorskis resigns} 1-0

[Event "ICS rated blitz match"]
[Site "204.178.125.65"]
[Date "2000.07.03"]
[Round "?"]
[White "Hossa"]
[Black "PostModernist"]
[Result "0-1"]
[WhiteElo "2491"]
[BlackElo "2725"]
[PlyCount "178"]
[EventDate "2000.??.??"]

1. d4 Nf6 2. c4 e6 3. Nf3 b6 4. e3 Bb7 5. Bd3 c5 6. O-O Be7 7. Nc3 cxd4 8. exd4
d5 9. b3 O-O 10. Bf4 Nc6 11. a3 Rc8 12. Ne2 dxc4 13. bxc4 Bd6 14. Bxd6 Qxd6 15.
Qc2 Rfd8 16. Rfe1 Nb8 17. Ne5 Nbd7 18. Nxd7 Qxd7 19. f3 b5 20. c5 a6 21. Rf1
Qe7 22. Rad1 g6 23. Rc1 e5 24. Rfe1 exd4 25. Ng3 Qf8 26. a4 Rd5 27. Qd2 Rdxc5
28. Rxc5 Qxc5 29. axb5 axb5 30. Qh6 Nd5 31. Ne4 Qe7 32. Bf1 Ne3 33. Ng5 f6 34.
Qh4 fxg5 35. Qxd4 Re8 36. Bxb5 Qe5 37. Qd7 Re7 38. Bc4+ Kg7 39. Qd8 Qc5 40.
Qg8+ Kh6 41. Qf8+ Kh5 42. Kh1 Rc7 43. Qxc5 Rxc5 44. Bg8 Bd5 45. Bxd5 Nxd5 46.
g3 g4 47. Re5+ g5 48. f4 h6 49. f5 Rc1+ 50. Kg2 Rc2+ 51. Kf1 Nb4 52. Kg1 Nd3
53. Re7 Nf2 54. Kf1 Nh3 55. Re2 Rc5 56. Rg2 Rxf5+ 57. Ke1 Rd5 58. Ke2 Kg6 59.
Ke3 Kf5 60. Rc2 h5 61. Rc8 Rd6 62. Rh8 Kg6 63. Rg8+ Kh7 64. Rc8 Ng1 65. Rc7+
Kg6 66. Rc2 Nf3 67. Rb2 Rd5 68. Ke4 Rd4+ 69. Ke3 Rc4 70. Kd3 Rc1 71. Ra2 Kf5
72. Ke3 Rc3+ 73. Ke2 Nxh2 74. Ra5+ Kf6 75. Ra6+ Kf7 76. Ra7+ Ke6 77. Ra6+ Kd5
78. Ra5+ Rc5 79. Ra2 h4 80. Kf2 Nf3 81. Re2 h3 82. Ra2 h2 83. Ra1 Rc2+ 84. Ke3
Ng1 85. Kd3 Rc5 86. Ra2 h1=Q 87. Kd2 Qg2+ 88. Kd3 Qf3+ 89. Kd2 Qe2# {
Hossa checkmated} 0-1

[Event "ICS rated blitz match"]
[Site "204.178.125.65"]
[Date "2000.07.03"]
[Round "?"]
[White "flytox"]
[Black "Hossa"]
[Result "0-1"]
[WhiteElo "2049"]
[BlackElo "2486"]
[PlyCount "48"]
[EventDate "2000.??.??"]

1. e4 e6 2. d4 d5 3. e5 c5 4. c3 Nc6 5. Nf3 Qb6 6. a3 cxd4 7. cxd4 f6 8. Nc3
Qc7 9. Bf4 Qd7 10. Bg3 Nh6 11. Bd3 Nf7 12. O-O Be7 13. Re1 O-O 14. b4 fxe5 15.
dxe5 g6 16. Rc1 Ng5 17. Nxg5 Bxg5 18. Rc2 Nd4 19. Rb2 Qc7 20. Nb5 Nxb5 21. Bxb5
Bd7 22. Bd3 Qc3 23. Qb3 Qxe1+ 24. Bf1 Bb5 {flytox resigns} 0-1

[Event "ICS rated blitz match"]
[Site "204.178.125.65"]
[Date "2000.07.03"]
[Round "?"]
[White "Hossa"]
[Black "flytox"]
[Result "1-0"]
[WhiteElo "2488"]
[BlackElo "2047"]
[PlyCount "63"]
[EventDate "2000.??.??"]

1. e4 e6 2. d4 d5 3. Nc3 Nf6 4. Bd3 dxe4 5. Nxe4 Nbd7 6. Bg5 Be7 7. Nxf6+ Bxf6
8. Bxf6 Nxf6 9. Ne2 b6 10. O-O Bb7 11. c4 O-O 12. Qc2 h6 13. Rfd1 Rc8 14. a4 a5
15. Nc3 Qe7 16. Nb5 Rfd8 17. Qe2 Re8 18. Re1 Qd7 19. Rad1 Rcd8 20. Bc2 Bc6 21.
Qd3 Qc8 22. Na7 Qb7 23. Nxc6 Qxc6 24. Re5 Rd6 25. Qc3 Red8 26. Re3 Qd7 27. Red3
c5 28. dxc5 Rxd3 29. Rxd3 Qc7 30. Qe5 Qb8 31. Qxb8 Rxb8 32. cxb6 {
flytox resigns} 1-0

[Event "ICS rated standard match"]
[Site "204.178.125.65"]
[Date "2000.07.03"]
[Round "?"]
[White "Hossa"]
[Black "JudgeTurpin"]
[Result "0-1"]
[WhiteElo "2217"]
[BlackElo "2349"]
[PlyCount "138"]
[EventDate "2000.??.??"]

1. e4 e5 2. Nf3 Nc6 3. Bb5 a6 4. Ba4 Nf6 5. d4 exd4 6. O-O Be7 7. e5 Ne4 8.
Nxd4 O-O 9. Re1 Nc5 10. Bxc6 dxc6 11. Nc3 Re8 12. Be3 Bf8 13. Qh5 g6 14. Qg5
Qxg5 15. Bxg5 Bg7 16. Bf6 Bxf6 17. exf6 Bd7 18. Rad1 Rxe1+ 19. Rxe1 Be6 20. h4
Rd8 21. Nxe6 Nxe6 22. Ne4 b6 23. Kh2 Rd5 24. Kg3 Kf8 25. c4 Rd3+ 26. f3 Rd4 27.
b3 h6 28. Rh1 b5 29. h5 g5 30. c5 a5 31. Rg1 Rd5 32. Rc1 Nf4 33. Rh1 Ke8 34.
Kf2 Kd7 35. Kg3 Ne6 36. Nf2 Rd2 37. Ng4 Nf4 38. Rh2 Ne2+ 39. Kh3 Ke6 40. Nxh6
Kxf6 41. a3 Rb2 42. Ng4+ Kg7 43. h6+ Kh7 44. Ne5 f5 45. b4 axb4 46. axb4 Rxb4
47. g4 fxg4+ 48. Nxg4 Rb2 49. Nf6+ Kg6 50. h7 Nf4+ 51. Kg3 Rxh2 52. Kxh2 Kg7
53. Kg3 b4 54. Kg4 Ne6 55. Kf5 Nxc5 56. Ng4 b3 57. Nf6 b2 58. Kg4 b1=Q 59.
h8=Q+ Kxh8 60. Kxg5 Ne6+ 61. Kh4 Qf5 62. Ng4 Qxf3 63. Nh2 Qg2 64. Ng4 Kg7 65.
Ne3 Qg5+ 66. Kh3 Qxe3+ 67. Kg4 Kg6 68. Kh4 Kf5 69. Kh5 Qg5# {Hossa checkmated}
0-1

[Event "ICS Rated standard match"]
[Site "204.178.125.65"]
[Date "2000.07.03"]
[Round "?"]
[White "Hossa"]
[Black "joris85"]
[Result "1-0"]
[WhiteElo "2207"]
[BlackElo "1900"]
[PlyCount "47"]
[EventDate "2000.??.??"]

1. e4 c5 2. Nf3 d6 3. c3 Nf6 4. Qc2 Bg4 5. d4 cxd4 6. cxd4 Bxf3 7. Bb5+ Nbd7 8.
gxf3 Rc8 9. Nc3 Qa5 10. Qb3 e6 11. Bd2 Qb6 12. d5 e5 13. Be3 Qa5 14. Bxd7+ Nxd7
15. Qxb7 Rxc3 16. bxc3 Qxc3+ 17. Ke2 Qc2+ 18. Kf1 Be7 19. Rc1 Qd3+ 20. Kg2 Nf6
21. Rc8+ Bd8 22. Qc7 Kf8 23. Qxd8+ Ne8 24. Qxe8# {joris85 checkmated} 1-0

[Event "ICS rated standard match"]
[Site "204.178.125.65"]
[Date "2000.07.03"]
[Round "?"]
[White "QueenK"]
[Black "Hossa"]
[Result "1/2-1/2"]
[WhiteElo "1870"]
[BlackElo "2207"]
[PlyCount "51"]
[EventDate "2000.??.??"]

1. e4 e6 2. d4 d5 3. Nc3 Bb4 4. e5 c5 5. a3 Ba5 6. b4 cxd4 7. Nb5 Bc7 8. f4 Ne7
9. Nf3 Nbc6 10. Nxc7+ Qxc7 11. Bd3 f6 12. exf6 gxf6 13. O-O a6 14. Bb2 e5 15.
fxe5 fxe5 16. Ng5 e4 17. Qh5+ Ng6 18. Be2 Qg7 19. Nf7 O-O 20. Nh6+ Kh8 21.
Rxf8+ Nxf8 22. Nf7+ Kg8 23. Nh6+ Kh8 24. Nf7+ Kg8 25. Nh6+ Kh8 26. Nf7+ 1/2-1/2

[Event "ICS rated standard match"]
[Site "204.178.125.65"]
[Date "2000.07.03"]
[Round "?"]
[White "Hossa"]
[Black "PostModernist"]
[Result "0-1"]
[WhiteElo "2195"]
[BlackElo "2421"]
[PlyCount "142"]
[EventDate "2000.??.??"]

1. e4 g6 2. d4 Bg7 3. Nc3 c6 4. Nf3 d6 5. Be3 Nf6 6. Be2 Nbd7 7. O-O O-O 8. Bf4
h6 9. Qc1 g5 10. Bd2 b5 11. a3 e5 12. dxe5 Nxe5 13. Nxe5 dxe5 14. h4 Nh7 15.
hxg5 Nxg5 16. Be3 Qf6 17. Rd1 Re8 18. Bh5 Ne6 19. Rd6 Qe7 20. Rxc6 Bb7 21. Rxe6
Qxe6 22. Nxb5 Re7 23. Bf3 Qg6 24. Bxa7 Rxa7 25. Nxa7 Qa6 26. Qe3 Ba8 27. Rd1
Qxa7 28. Rd8+ Kh7 29. Bg4 Bf6 30. Bf5+ Kg7 31. Qxa7 Rxa7 32. Re8 Ra4 33. f3 Bg5
34. Rb8 Bc1 35. Kf2 Ra7 36. Bc8 Bc6 37. Rb6 Rc7 38. Ba6 Ba4 39. c3 Rc6 40. Rxc6
Bxc6 41. b4 Bxa3 42. Ke2 Ba4 43. Kd2 Kg6 44. Bc4 f5 45. Bd5 f4 46. Bc4 Kg5 47.
Be6 Kh4 48. Ke2 Kg3 49. Kf1 Bb5+ 50. c4 Ba4 51. b5 Bc5 52. Bd5 Bc2 53. Ke2 Kxg2
54. Kd2 Ba4 55. Ke2 h5 56. Be6 h4 57. Bf5 h3 58. Bxh3+ Kxh3 59. Ke1 Bb4+ 60.
Ke2 Kg2 61. b6 Bc6 62. Kd1 Kxf3 63. Kc2 Kxe4 64. Kb3 Bc5 65. Kc3 f3 66. Kc2 f2
67. Kc3 f1=Q 68. Kc2 Ba4+ 69. Kb2 Qf2+ 70. Kb1 Qc2+ 71. Ka1 Bd4# {
Hossa checkmated} 0-1

[Event "ICS rated blitz match"]
[Site "204.178.125.65"]
[Date "2000.07.03"]
[Round "?"]
[White "Sjeng"]
[Black "Hossa"]
[Result "1-0"]
[WhiteElo "2386"]
[BlackElo "2490"]
[PlyCount "151"]
[EventDate "2000.??.??"]

1. e4 e6 2. d4 d5 3. Nc3 Bb4 4. Nge2 dxe4 5. a3 Bxc3+ 6. Nxc3 f5 7. f3 exf3 8.
Qxf3 Qxd4 9. Qg3 Qd7 10. Bf4 Nf6 11. Bxc7 Nh5 12. Qd6 Qxd6 13. Bxd6 Bd7 14. Nb5
Bxb5 15. Bxb5+ Kf7 16. O-O-O Nf6 17. Kb1 Ne4 18. Rhe1 Nc6 19. Bf4 Rhd8 20. Rxd8
Rxd8 21. g4 Nd2+ 22. Bxd2 Rxd2 23. Bc4 fxg4 24. Bxe6+ Kf6 25. Bxg4 Rxh2 26. Bc8
Na5 27. Rf1+ Ke7 28. Rd1 b6 29. Rd7+ Kf6 30. Ba6 Rh1+ 31. Ka2 Re1 32. Rxa7 Re6
33. Rd7 Kg6 34. Bd3+ Kh6 35. Bf5 Rf6 36. Bd3 g6 37. a4 Re6 38. Ka3 Nc6 39. Rb7
Nd4 40. Kb4 Rd6 41. a5 Nc6+ 42. Kb5 bxa5 43. Rb6 Nd4+ 44. Kxa5 Rd8 45. Kb4 Kg5
46. c4 Kf4 47. Kc3 Rd7 48. c5 Ke5 49. b4 Rd8 50. Rb7 Rh8 51. Re7+ Kf6 52. Rd7
Ne6 53. Bc4 Nf4 54. c6 h5 55. c7 Rc8 56. Kb3 Ne6 57. Rd6 Rxc7 58. Rxe6+ Kf5 59.
Rd6 g5 60. Kc3 h4 61. b5 g4 62. b6 Re7 63. Bd5 Re8 64. b7 g3 65. Rc6 g2 66.
Bxg2 Rb8 67. Rc8 Rxb7 68. Bxb7 Kg4 69. Rg8+ Kf4 70. Bc8 Kf3 71. Kd4 Kf2 72. Bb7
h3 73. Rg6 Kf1 74. Ke3 h2 75. Rb6 Kg1 76. Rb1# {Hossa checkmated} 1-0

[Event "ICS rated standard match"]
[Site "204.178.125.65"]
[Date "2000.07.03"]
[Round "?"]
[White "Gilad"]
[Black "Hossa"]
[Result "0-1"]
[WhiteElo "1953"]
[BlackElo "2188"]
[PlyCount "53"]
[EventDate "2000.??.??"]

1. e4 e6 2. d4 d5 3. e5 c5 4. c3 Nc6 5. Bb5 Bd7 6. Nf3 Nxe5 7. dxe5 Bxb5 8. Ng1
Qh4 9. Nf3 Qe4+ 10. Be3 O-O-O 11. Nbd2 Qg4 12. Rg1 f6 13. Qc2 Qg6 14. Qb3 Bd3
15. O-O-O Kb8 16. Ne1 Be2 17. exf6 Nxf6 18. f3 Qf5 19. Nf1 Bxd1 20. Qxd1 d4 21.
g4 Qd5 22. Bf4+ Bd6 23. Bg5 Qxg5+ 24. Kb1 dxc3 25. bxc3 Bxh2 26. Qxd8+ Rxd8 27.
Nxh2 {Gilad resigns} 0-1

[Event "ICS rated blitz match"]
[Site "204.178.125.65"]
[Date "2000.07.03"]
[Round "?"]
[White "Hossa"]
[Black "Sjeng"]
[Result "1/2-1/2"]
[WhiteElo "2469"]
[BlackElo "2405"]
[PlyCount "235"]
[EventDate "2000.??.??"]

1. e4 e5 2. Nf3 Nc6 3. Bb5 a6 4. Ba4 Nf6 5. Nc3 b5 6. Bb3 Be7 7. d3 d6 8. O-O
O-O 9. a4 b4 10. Nd5 Nxd5 11. Bxd5 Bb7 12. Be3 Rb8 13. Qd2 a5 14. Qe2 Qd7 15.
Rfd1 Qe8 16. Re1 Bc8 17. d4 exd4 18. Nxd4 Nxd4 19. Bxd4 c6 20. Bc4 c5 21. Be3
Bf6 22. Bf4 Bxb2 23. Bxd6 Bxa1 24. Rxa1 Bb7 25. Bxf8 Kxf8 26. Qh5 Kg8 27. f3
Qd7 28. Kh1 Rd8 29. Qxc5 Rc8 30. Bxf7+ Qxf7 31. Qxa5 b3 32. cxb3 Qxb3 33. Qd2
Qc4 34. a5 Ba6 35. h3 Qc5 36. g4 Qc3 37. Qxc3 Rxc3 38. Kg2 Be2 39. Re1 Bxf3+
40. Kf2 h5 41. g5 h4 42. Re3 Rxe3 43. Kxe3 Bh5 44. a6 Be8 45. a7 Bc6 46. g6 Kf8
47. Kf4 Ke7 48. Kg4 Bxe4 49. Kxh4 Kd6 50. Kg5 Kc7 51. h4 Bd5 52. h5 Kb6 53. h6
gxh6+ 54. Kxh6 Kxa7 55. g7 Bg8 56. Kg6 Kb6 57. Kh6 Kb5 58. Kg6 Kc6 59. Kh6 Kd6
60. Kg6 Ke6 61. Kh6 Kf6 62. Kh5 Kf5 63. Kh6 Ke4 64. Kg6 Ke5 65. Kh6 Kf6 66. Kh5
Kf5 67. Kh6 Ke4 68. Kg6 Ke5 69. Kh6 Kf6 70. Kh5 Kf5 71. Kh6 Ke6 72. Kg5 Ke5 73.
Kh4 Kf4 74. Kh5 Ke3 75. Kh6 Kd4 76. Kg6 Ke5 77. Kh6 Kf6 78. Kh5 Kf5 79. Kh6 Ke4
80. Kg6 Ke5 81. Kh6 Kf6 82. Kh5 Kf5 83. Kh6 Ke5 84. Kg6 Ke6 85. Kh6 Kf6 86. Kh5
Kf5 87. Kh6 Kf4 88. Kg6 Ke5 89. Kh6 Kf6 90. Kh5 Kf5 91. Kh6 Ke4 92. Kg6 Ke5 93.
Kh6 Kf5 94. Kh5 Ke4 95. Kh6 Kf5 96. Kh5 Ke4 97. Kh6 Kf5 98. Kh5 Kf6 99. Kh6 Kf5
100. Kh5 Ke4 101. Kh6 Kf5 102. Kh5 Kf6 103. Kh6 Kf5 104. Kh5 Kf6 105. Kh6 Kf5
106. Kh5 Ke4 107. Kh6 Kf5 108. Kh5 Ke6 109. Kh6 Kf5 110. Kh5 Ke4 111. Kh6 Kf5
112. Kh5 Ke6 113. Kh6 Kf6 114. Kh5 Kf5 115. Kh6 Ke4 116. Kg6 Ke5 117. Kh6 Kf5
118. Kh5 1/2-1/2

[Event "ICS rated standard match"]
[Site "204.178.125.65"]
[Date "2000.07.03"]
[Round "?"]
[White "PostModernist"]
[Black "Hossa"]
[Result "0-1"]
[WhiteElo "2428"]
[BlackElo "2189"]
[PlyCount "150"]
[EventDate "2000.??.??"]

1. d4 Nf6 2. c4 e6 3. Nf3 b6 4. g3 Ba6 5. Nbd2 Bb7 6. Bg2 c5 7. O-O cxd4 8.
Nxd4 Bxg2 9. Kxg2 Bc5 10. N2b3 O-O 11. Nxc5 bxc5 12. Nb3 Na6 13. Bg5 d5 14. Rb1
dxc4 15. Qxd8 Rfxd8 16. Na5 Rd4 17. e3 Rd5 18. Bxf6 gxf6 19. Nxc4 Nb4 20. a3
Nd3 21. b3 Rad8 22. e4 Rd4 23. f3 Kg7 24. h4 Kg6 25. Kh2 f5 26. exf5+ Kxf5 27.
f4 h5 28. Kg2 f6 29. Na5 R4d7 30. Rf3 Ke4 31. Rbf1 Rb8 32. Rd1 Rd5 33. Nc4 Rbd8
34. Re3+ Kf5 35. Rf1 Rb8 36. Na5 Rb5 37. b4 cxb4 38. Nc6 Rb7 39. axb4 Rc7 40.
Rff3 Rxc6 41. Rxd3 Kg4 42. Ra3 Rd2+ 43. Rf2 Rcc2 44. Rxd2 Rxd2+ 45. Kf1 Rb2 46.
Ke1 Rxb4 47. Ke2 Rb2+ 48. Kf1 e5 49. fxe5 fxe5 50. Rxa7 Kxg3 51. Ra5 Kf4 52.
Kg1 Re2 53. Ra8 Kg3 54. Rg8+ Kxh4 55. Kf1 Ra2 56. Re8 Ra5 57. Kg2 Kg4 58. Rg8+
Kf4 59. Rf8+ Ke3 60. Rf5 Ra2+ 61. Kg3 e4 62. Rxh5 Ra1 63. Kg4 Rg1+ 64. Kf5 Kd3
65. Kf4 Rf1+ 66. Kg3 e3 67. Rd5+ Ke4 68. Rd8 Rg1+ 69. Kh2 Rg5 70. Ra8 e2 71.
Ra1 Kf3 72. Rc1 Re5 73. Re1 Re6 74. Kg1 Kg3 75. Kh1 Rh6+ 0-1

[Event "ICS rated blitz match"]
[Site "204.178.125.65"]
[Date "2000.07.04"]
[Round "?"]
[White "Hossa"]
[Black "nadel"]
[Result "1-0"]
[WhiteElo "2468"]
[BlackElo "2196"]
[PlyCount "35"]
[EventDate "2000.??.??"]

1. e4 c5 2. Nf3 e6 3. b4 b6 4. bxc5 bxc5 5. Nc3 Nc6 6. Bb5 Nd4 7. Bc4 d6 8. O-O
Be7 9. Nxd4 cxd4 10. Nb5 Bf6 11. Ba3 Be7 12. Qf3 Bb7 13. Nxd4 Nf6 14. Bb5+ Kf8
15. Bc6 Qc7 16. e5 Bxc6 17. Nxc6 Nd5 18. Nxe7 {nadel resigns} 1-0

[Event "ICS rated blitz match"]
[Site "204.178.125.65"]
[Date "2000.07.04"]
[Round "?"]
[White "nadel"]
[Black "Hossa"]
[Result "1/2-1/2"]
[WhiteElo "2190"]
[BlackElo "2474"]
[PlyCount "38"]
[EventDate "2000.??.??"]

1. Nf3 Nf6 2. g3 d5 3. Bg2 c6 4. O-O Bg4 5. d3 e6 6. Nbd2 Bd6 7. e4 O-O 8. h3
Bxf3 9. Qxf3 Na6 10. Qe2 e5 11. c3 Qe7 12. Rd1 Nc5 13. Nf1 dxe4 14. dxe4 Rad8
15. Bg5 Ne6 16. Bd2 Nc5 17. Bg5 Ne6 18. Bd2 Nc5 19. Bg5 Ne6 1/2-1/2